| 000 | 00844nam a2200253Ia 4500 | ||
|---|---|---|---|
| 001 | 21778 | ||
| 005 | 20260320113312.0 | ||
| 008 | 260320s9999||||xx |||||||||||||| ||und|| | ||
| 020 | _a9780443139246 | ||
| 041 | _aING | ||
| 082 |
_a670.42 _bM568 |
||
| 100 |
_aMourtzis, Dimitris, _eEDT |
||
| 245 | 0 |
_aManufacturing from industry 4.0 to industry 5.0 : _badvances and applications |
|
| 246 |
_a _5 _b |
||
| 260 |
_aAmsterdam : _bElsevier, _c2024 |
||
| 300 |
_axvii, 506 páginas : _bilustraciones, tablas ; _c23 cm. _e |
||
| 440 |
_a _n _v |
||
| 650 | _aTCA | ||
| 653 | _aIndustria 4.0; Fabricación en la industria; Tecnología 5G; Inteligencia artificial | ||
| 654 | _aCII | ||
| 700 |
_a _c |
||
| 856 |
_uhttps://research-ebsco-com.ucsp.lookproxy.com/c/qxo6us/search _zVéase además: Base de datos EBSCOhost |
||
| 942 |
_cLIB _dJUS _fMAT _2ddc _n |
||
| 999 |
_c21778 _d21778 |
||